• 首页
  • 本馆介绍
  • 公告通知
  • 最新文献
  • 馆藏检索
  • 电子资源
  • 读者导购
  • 参考咨询
  • 我的图书馆
  • 登录
  • 详细信息显示
  • 放入我的书架
  • 预约/预借图书
  • 作者相关作品
  • 分类相关作品
  • 丛书相关作品
  • 出版社相关作品

书目信息

  • 表格格式
  • 工作单格式
  • 卡片格式
题名:
天珠收藏鉴赏指南
    
 
作者: 林东广 著
分册:  
出版信息: 长春   时代文艺出版社  2014
页数: 225页
开本: 28cm
丛书名:
单 册:
中图分类: F768.7
科图分类:
主题词: 宝石--私人投资--基本知识 , 宝石--收藏--基本知识
电子资源:
ISBN: 978-7-5387-4078-3
000 00787nam0 2200253 450
001 339278
005 20150608091100.00
010    @a978-7-5387-4078-3@dCNY199.00
100    @a20140609d2014 em y0chiy50 ea
101 0  @achi
102    @aCN@b220000
105    @aa z 000yy
106    @ar
200 1  @a天珠收藏鉴赏指南@Atian zhu shou cang jian shang zhi nan@f林东广著
210    @a长春@c时代文艺出版社@d2014
215    @a225页@c彩图@d28cm
300    @a紫图书库 5003 潮流收藏 03
330    @a本书对天珠的神秘之处及各种纯正天珠的真貌有详细说明, 并有许多珍贵照片可以欣赏及比对。
606 0  @a宝石@x私人投资@x基本知识
606 0  @a宝石@x收藏@x基本知识
690    @aF768.7@v5
701  0 @a林东广@Alin dong guang@4著
801  0 @aCN@b卓展宏图@c20150525
905    @dF768.7@e43@f2
    
    天珠收藏鉴赏指南/林东广著.-长春:时代文艺出版社,2014
    225页:彩图;28cm
    紫图书库 5003 潮流收藏 03
    
    ISBN 978-7-5387-4078-3:CNY199.00
    本书对天珠的神秘之处及各种纯正天珠的真貌有详细说明, 并有许多珍贵照片可以欣赏及比对。
●
相关链接 在E读中查询图书 在五车中查询图书 在当当中查询图书 在豆瓣中查询图书


正题名:天珠收藏鉴赏指南     索取号:F768.7/43         预约/预借

序号 登录号 条形码 馆藏地/架位号 状态 备注
1 864352   208643529   第一样本阅览室/ [索取号:F768.7/43] 在馆    
2 864353   208643538   第一借阅区/ [索取号:F768.7/43] 在馆    
唐山师范学院图书馆 欢迎您!
大连网信软件有限公司© 版权所有